Geography Quiz

Random Geography or World Quiz

Geography Threesomes II Quiz Stats

 Plays Quiz Updated Jul 14, 2016

Support Sporcle.
Go Orange.
Score 0/25 Timer 10:00
0 Plays Today
% Correct
Contains part of the Amazon River
78.1%
Capital city ends in 'City'
75.2%
Axis powers during World War II
73.7%
Officially formed after the year 2000
65.8%
Contains part of the Sahara Desert
62.4%
Shares a border with Democratic Republic of Congo
61.5%
Head of State is Queen Elizabeth II
61.5%
Population of capital city less than 5,000
57%
Claims land in Antarctica
56.6%
Population density of more than 1,000 people per sq km
56.1%
Dominant religion is Hinduism
55.8%
Capital city contains same number of letters as name of country
55.1%
Contains part of the Alps
54.8%
% Correct
Member of the EU
54.6%
Claims land in the Arctic Circle
53.3%
Contains part of the Nile River
52.2%
Population density of less than 4 people per sq km
51.1%
Dominant religion is Buddhism
49.7%
Currently has a native tiger population
48.1%
Capital city ends in 'town'
47.3%
Currency is US Dollar
47%
Uses the Cyrillic alphabet
47%
Currency is Euro
45.9%
Currently has a native gorilla population
41.8%
Member of NATO
41.4%

You're not logged in!

Compare scores with friends on all Sporcle quizzes.
OR
Log In

From the Vault

History In Song II

by DesertSpartan

Don't know much about history...
Remove Ads.
Support Sporcle.
Get the best of Sporcle when you Go Orange. This ad-free experience offers more features, more stats, and more fun while also helping to support Sporcle. Thank you for becoming a member.

Show Comments

Extras

Top Quizzes Today


Score Distribution

Your Account Isn't Verified!

In order to create a playlist on Sporcle, you need to verify the email address you used during registration. Go to your Sporcle Settings to finish the process.

Report this User

Report this user for behavior that violates our Community Guidelines.

Details: